[Event "XVII. DBMM Schach"]
[Site "Berlin"]
[Date "2017.11.02"]
[Round "1.2"]
[White "Lau, Peter"]
[Black "Kutzner, Stephen"]
[Result "0-1"]
[WhiteElo "1743"]
[BlackElo "2086"]
[Annotator "br"]
[PlyCount "84"]
[EventDate "2017.??.??"]
[EventType "team-swiss"]
[EventRounds "7"]
[EventCountry "GER"]
[SourceTitle "XVII. DBMM 2017"]
[Source "FV Schach e.V."]
[SourceDate "2018.05.26"]
[SourceVersion "1"]
[SourceVersionDate "2018.05.26"]
[SourceQuality "1"]
[WhiteTeam "Sparkassen-Vers. Stuttgart II"]
[BlackTeam "Deutsche Post Bonn II"]
[WhiteTeamCountry "GER"]
[BlackTeamCountry "GER"]

1. e4 c5 2. Nc3 Nc6 3. g3 g6 4. Bg2 Bg7 5. d3 d6 6. f4 Nf6 7. Nf3 O-O 8. O-O
Bg4 9. h3 Bxf3 10. Bxf3 Nd4 11. Bg2 Rb8 12. Ne2 Nd7 13. c3 Nxe2+ 14. Qxe2 b5
15. Be3 a5 16. f5 a4 17. Rac1 Ne5 18. Bf4 a3 19. b3 c4 20. Bxe5 cxd3 21. Qxd3
Bxe5 22. c4 Qb6+ 23. Kh2 Rfc8 24. cxb5 Rxc1 25. Rxc1 Qf2 26. Rc2 Bxg3+ 27. Kh1
Qe1+ 28. Bf1 Be5 29. Qe2 Qb1 30. fxg6 hxg6 31. Rc7 Bf6 32. Kg2 Kg7 33. Qc2 Qa1
34. Bd3 Rh8 35. b6 Rh5 36. Qb1 Rg5+ 37. Kh1 Qe5 38. b7 Qg3 39. Qf1 Rh5 40.
Qxf6+ Kxf6 41. Bf1 Rg5 42. b8=Q Qg1# 0-1

[Event "XVII. DBMM Schach"]
[Site "Berlin"]
[Date "2017.11.02"]
[Round "1.3"]
[White "Salzberg, Gregor"]
[Black "Wirth, Volker"]
[Result "1-0"]
[WhiteElo "2111"]
[BlackElo "1738"]
[Annotator "br"]
[PlyCount "85"]
[EventDate "2017.??.??"]
[EventType "team-swiss"]
[EventRounds "7"]
[EventCountry "GER"]
[SourceTitle "XVII. DBMM 2017"]
[Source "FV Schach e.V."]
[SourceDate "2018.05.26"]
[SourceVersion "1"]
[SourceVersionDate "2018.05.26"]
[SourceQuality "1"]
[WhiteTeam "Deutsche Post Bonn II"]
[BlackTeam "Sparkassen-Vers. Stuttgart II"]
[WhiteTeamCountry "GER"]
[BlackTeamCountry "GER"]

1. d4 d5 2. c4 e6 3. Nc3 Nf6 4. cxd5 exd5 5. Bg5 Be7 6. Qc2 c6 7. e3 O-O 8. Bd3
Nbd7 9. Nge2 Re8 10. O-O h6 11. Bh4 Nh5 12. Bxe7 Qxe7 13. a3 Nf8 14. b4 a6 15.
Rab1 Qg5 16. a4 Bh3 17. Ng3 Nxg3 18. hxg3 Bd7 19. b5 axb5 20. axb5 h5 21. bxc6
bxc6 22. Rb7 Re6 23. Bf5 Re7 24. Bxd7 Rxd7 25. Rxd7 Nxd7 26. Ne2 Ra6 27. Nf4 g6
28. Rb1 Qd8 29. Qd3 Rb6 30. Rc1 Kg7 31. Qxg6+ fxg6 32. Ne6+ Kf6 33. Nxd8 Nb8
34. Rc5 Ke7 35. Nxc6+ Rxc6 36. Rxd5 Nd7 37. f3 Nb6 38. Rb5 Kd7 39. Kh2 Ke6 40.
e4 Rd6 41. f4 Nc4 42. d5+ Kf6 43. Rc5 1-0

[Event "XVII. DBMM Schach"]
[Site "Berlin"]
[Date "2017.11.02"]
[Round "1.4"]
[White "Brethauer, Tim"]
[Black "Biedekoepper, Robert"]
[Result "0-1"]
[WhiteElo "1641"]
[BlackElo "1986"]
[Annotator "br"]
[PlyCount "30"]
[EventDate "2017.??.??"]
[EventType "team-swiss"]
[EventRounds "7"]
[EventCountry "GER"]
[SourceTitle "XVII. DBMM 2017"]
[Source "FV Schach e.V."]
[SourceDate "2018.05.26"]
[SourceVersion "1"]
[SourceVersionDate "2018.05.26"]
[SourceQuality "1"]
[WhiteTeam "Sparkassen-Vers. Stuttgart II"]
[BlackTeam "Deutsche Post Bonn II"]
[WhiteTeamCountry "GER"]
[BlackTeamCountry "GER"]

1. e4 c5 2. Nf3 Nc6 3. Bb5 e6 4. O-O Nge7 5. d4 Nxd4 6. Nxd4 cxd4 7. Qxd4 a6 8.
Ba4 b5 9. Bb3 Nc6 10. Qd1 Bc5 11. c3 Qh4 12. Bc2 Ne5 13. b4 Ng4 14. h3 Nxf2 15.
Qf3 Nxh3+ 0-1

[Event "XVII. DBMM Schach"]
[Site "Berlin"]
[Date "2017.11.02"]
[Round "1.1"]
[White "Piotrowski, Roger"]
[Black "Schulz, Michael"]
[Result "0-1"]
[WhiteElo "1756"]
[BlackElo "2204"]
[Annotator "br"]
[PlyCount "52"]
[EventDate "2017.??.??"]
[EventType "team-swiss"]
[EventRounds "7"]
[EventCountry "GER"]
[SourceTitle "XVII. DBMM 2017"]
[Source "FV Schach e.V."]
[SourceDate "2018.05.26"]
[SourceVersion "1"]
[SourceVersionDate "2018.05.26"]
[SourceQuality "1"]
[WhiteTeam "Telestern Berlin"]
[BlackTeam "SV Osram Berlin"]
[WhiteTeamCountry "GER"]
[BlackTeamCountry "GER"]

1. d4 Nf6 2. Nf3 c5 3. e3 g6 4. Be2 Bg7 5. O-O O-O 6. c4 cxd4 7. Nxd4 Nc6 8.
Nd2 Nxd4 9. exd4 d5 10. c5 b6 11. Nf3 bxc5 12. dxc5 Ne4 13. c6 Qd6 14. Bb5 Rb8
15. Qe2 Bg4 16. Be3 a6 17. Ba4 Rxb2 18. Qxa6 Bxf3 19. gxf3 Nc3 20. Bb3 Qf6 21.
f4 d4 22. Bc1 Ne2+ 23. Kh1 Nxc1 24. Raxc1 Qxf4 25. Qd3 Rxf2 26. c7 Qxh2# 0-1

[Event "XVII. DBMM Schach"]
[Site "Berlin"]
[Date "2017.11.02"]
[Round "1.2"]
[White "Jaehnisch, Frank"]
[Black "Fischer, Elmar"]
[Result "1-0"]
[WhiteElo "2194"]
[BlackElo "1658"]
[Annotator "br"]
[PlyCount "24"]
[EventDate "2017.??.??"]
[EventType "team-swiss"]
[EventRounds "7"]
[EventCountry "GER"]
[SourceTitle "XVII. DBMM 2017"]
[Source "FV Schach e.V."]
[SourceDate "2018.05.26"]
[SourceVersion "1"]
[SourceVersionDate "2018.05.26"]
[SourceQuality "1"]
[WhiteTeam "SV Osram Berlin"]
[BlackTeam "Telestern Berlin"]
[WhiteTeamCountry "GER"]
[BlackTeamCountry "GER"]

1. Nf3 Nf6 2. c4 e6 3. g3 Bc5 4. Bg2 c6 5. O-O Qb6 6. Nc3 Be7 7. d4 d5 8. c5
Qd8 9. Rb1 O-O 10. b4 a5 11. a4 b5 12. cxb6 Qxb6 {Rest unleserlich.} 1-0

[Event "XVII. DBMM Schach"]
[Site "Berlin"]
[Date "2017.11.02"]
[Round "1.3"]
[White "Norris, Ray"]
[Black "Rath, Alina"]
[Result "0-1"]
[WhiteElo "1651"]
[BlackElo "2089"]
[Annotator "br"]
[PlyCount "64"]
[EventDate "2017.??.??"]
[EventType "team-swiss"]
[EventRounds "7"]
[EventCountry "GER"]
[SourceTitle "XVII. DBMM 2017"]
[Source "FV Schach e.V."]
[SourceDate "2018.05.26"]
[SourceVersion "1"]
[SourceVersionDate "2018.05.26"]
[SourceQuality "1"]
[WhiteTeam "Telestern Berlin"]
[BlackTeam "SV Osram Berlin"]
[WhiteTeamCountry "GER"]
[BlackTeamCountry "GER"]

1. b3 c5 2. Bb2 Nc6 3. e3 d5 4. Bb5 Bd7 5. Nf3 Nf6 6. O-O e6 7. c4 Bd6 8. Bxc6
Bxc6 9. Ne5 Qc7 10. f4 O-O-O 11. Na3 a6 12. Nc2 h5 13. Qe2 Kb8 14. d4 Ne4 15.
Rfd1 Bxe5 16. fxe5 dxc4 17. bxc4 h4 18. Rf1 f6 19. Ne1 fxe5 20. Nf3 exd4 21.
exd4 Ka8 22. Rad1 Rde8 23. Nd2 Nxd2 24. Rxd2 cxd4 25. Bxd4 h3 26. gxh3 Rxh3 27.
Qg4 Rhh8 28. Rdf2 e5 29. Be3 $11 Qd6 30. Rd1 Qe6 31. Qxe6 Rxe6 32. Rdf1 Rg6+
0-1

[Event "XVII. DBMM Schach"]
[Site "Berlin"]
[Date "2017.11.02"]
[Round "1.4"]
[White "Gebert Vangeel, Ralf"]
[Black "Kleinwaechter, Manfred"]
[Result "1/2-1/2"]
[WhiteElo "2035"]
[BlackElo "1791"]
[Annotator "br"]
[PlyCount "104"]
[EventDate "2017.??.??"]
[EventType "team-swiss"]
[EventRounds "7"]
[EventCountry "GER"]
[SourceTitle "XVII. DBMM 2017"]
[Source "FV Schach e.V."]
[SourceDate "2018.05.26"]
[SourceVersion "1"]
[SourceVersionDate "2018.05.26"]
[SourceQuality "1"]
[WhiteTeam "SV Osram Berlin"]
[BlackTeam "Telestern Berlin"]
[WhiteTeamCountry "GER"]
[BlackTeamCountry "GER"]

1. e4 e6 2. d4 d5 3. Nc3 dxe4 4. Nxe4 Bd7 5. Nf3 Bc6 6. Bd3 Nd7 7. Bf4 Bxe4 8.
Bxe4 c6 9. O-O Ngf6 10. Bd3 Be7 11. c4 O-O 12. Qc2 h6 13. Rfe1 Re8 14. a3 c5
15. Rad1 Qb6 16. dxc5 Nxc5 17. Bf1 Rad8 18. b4 Ncd7 19. c5 Qc6 20. Nd4 Qc8 21.
Nb5 Nd5 22. Bg3 a6 23. Rxd5 axb5 24. Rdd1 Qc6 25. Qe2 Nf6 26. Qxb5 Rxd1 27.
Rxd1 Nd5 28. Qxc6 bxc6 29. Be5 Ra8 30. Bb2 Bf6 31. Bxf6 gxf6 32. Rd3 f5 33. g3
Kg7 34. Bg2 Kf6 35. Bxd5 exd5 36. f4 Re8 37. Kf2 Re4 38. Kf3 h5 39. h3 Re8 40.
Re3 Ra8 $11 41. Ke2 Ra7 42. Kd2 Rd7 43. Kc2 d4 44. Rd3 Ke6 45. Rd2 Kd5 46. Kd3
Ra7 47. Ra2 Re7 48. Re2 Rxe2 49. Kxe2 Kc4 50. Kd2 d3 51. Kd1 Kb5 52. Kd2 Kc4
1/2-1/2

[Event "XVII. DBMM Schach"]
[Site "Berlin"]
[Date "2017.11.02"]
[Round "1.1"]
[White "Gohil, Harry"]
[Black "Junker, Carsten"]
[Result "1-0"]
[WhiteElo "2254"]
[BlackElo "1715"]
[Annotator "br"]
[PlyCount "33"]
[EventDate "2017.??.??"]
[EventType "team-swiss"]
[EventRounds "7"]
[EventCountry "GER"]
[SourceTitle "XVII. DBMM 2017"]
[Source "FV Schach e.V."]
[SourceDate "2018.05.26"]
[SourceVersion "1"]
[SourceVersionDate "2018.05.26"]
[SourceQuality "1"]
[WhiteTeam "Commerzbank Frankfurt"]
[BlackTeam "Europäisches Patentamt Muenchen II"]
[WhiteTeamCountry "GER"]
[BlackTeamCountry "GER"]

1. d4 d5 2. Nf3 Nf6 3. e3 Bg4 4. c4 e6 5. Qb3 b6 6. Ne5 Bd6 7. cxd5 exd5 8.
Bb5+ c6 9. Nxc6 Qc7 10. Ne5+ Kf8 11. Bd2 Bxe5 12. dxe5 Qxe5 13. Bc3 Qe6 14.
Bxf6 gxf6 15. Nc3 d4 16. Qb4+ Kg7 17. Qxd4 1-0

[Event "XVII. DBMM Schach"]
[Site "Berlin"]
[Date "2017.11.02"]
[Round "1.3"]
[White "Hummel, Dennis"]
[Black "Nehls, Gerhard"]
[Result "1-0"]
[WhiteElo "2029"]
[BlackElo "1531"]
[Annotator "br"]
[PlyCount "101"]
[EventDate "2017.??.??"]
[EventType "team-swiss"]
[EventRounds "7"]
[EventCountry "GER"]
[SourceTitle "XVII. DBMM 2017"]
[Source "FV Schach e.V."]
[SourceDate "2018.05.26"]
[SourceVersion "1"]
[SourceVersionDate "2018.05.26"]
[SourceQuality "1"]
[WhiteTeam "Commerzbank Frankfurt"]
[BlackTeam "Europäisches Patentamt Muenchen II"]
[WhiteTeamCountry "GER"]
[BlackTeamCountry "GER"]

1. e4 e6 2. d4 d5 3. Nd2 dxe4 4. Nxe4 Nf6 5. Bd3 Be7 6. Nf3 h6 7. O-O Nbd7 8.
c3 O-O 9. Bf4 Nxe4 10. Bxe4 Bd6 11. Bxd6 cxd6 12. Re1 Nf6 13. Bc2 b6 14. Qd3
Bb7 15. Re3 g6 16. Ne1 Qd7 17. Rh3 Kg7 18. Qe3 Ng8 19. f4 f5 20. Nf3 Rae8 21.
Re1 Nf6 22. Nh4 Qc6 23. Rg3 Ng4 24. Qd2 h5 25. h3 Nf6 26. Nxg6 Kf7 27. Nxf8
Kxf8 28. Qf2 Kf7 29. Rg5 Qc8 30. Qg3 Rg8 31. Rxg8 Nxg8 32. Bb3 Be4 33. Qg5 Nf6
34. Re3 Qh8 35. Re2 h4 36. Bc2 d5 37. Bd1 Bd3 38. Re3 Ne4 39. Bh5+ Kf8 40. Qg6
Qf6 41. Rxd3 Qxg6 42. Bxg6 Kg7 43. Be8 Nd6 44. Ba4 Nc4 45. Bb3 Nd6 46. g4 fxg4
47. hxg4 Ne4 48. Re3 Kf7 49. f5 Ng5 50. fxe6+ Ke7 51. Bxd5 1-0

[Event "XVII. DBMM Schach"]
[Site "Berlin"]
[Date "2017.11.02"]
[Round "1.1"]
[White "Neander, Swen"]
[Black "Ozerov, Ilja"]
[Result "0-1"]
[WhiteElo "2022"]
[BlackElo "2161"]
[Annotator "br"]
[PlyCount "80"]
[EventDate "2017.??.??"]
[EventType "team-swiss"]
[EventRounds "7"]
[EventCountry "GER"]
[SourceTitle "XVII. DBMM 2017"]
[Source "FV Schach e.V."]
[SourceDate "2018.05.26"]
[SourceVersion "1"]
[SourceVersionDate "2018.05.26"]
[SourceQuality "1"]
[WhiteTeam "SV Rapid Unilever Hamburg"]
[BlackTeam "RWE Essen"]
[WhiteTeamCountry "GER"]
[BlackTeamCountry "GER"]

1. d4 f5 2. Nf3 Nf6 3. Bf4 d6 4. e3 g6 5. h3 Bg7 6. Bc4 e6 7. Nbd2 Qe7 8. O-O
Nc6 9. c3 e5 10. Bh2 e4 11. Ne1 Bd7 12. a4 $11 g5 13. b4 h5 14. Nc2 h4 15. a5
a6 16. Kh1 g4 17. Qe2 Nd8 18. Bf4 Ne6 19. Bxe6 Qxe6 20. Qc4 Nd5 21. Rfd1 Bb5
22. Qa2 Nxf4 23. exf4 Qxa2 24. Rxa2 gxh3 25. gxh3 O-O-O 26. Ne3 Bd7 27. Ndf1
Bh6 28. Ng2 Rdg8 29. Nfe3 Rg7 30. Raa1 Kd8 31. Rg1 Rhg8 32. Nxh4 Rxg1+ 33. Rxg1
Rxg1+ 34. Kxg1 Bxf4 35. Kg2 Bg5 36. Nhxf5 Bxf5 37. Nxf5 Bd2 38. Ne3 Bxc3 39.
Nc2 Ke7 40. Kg3 d5 {2. Seite des Scans der Partieformulare unleserlich.} 0-1

[Event "XVII. DBMM Schach"]
[Site "Berlin"]
[Date "2017.11.02"]
[Round "1.2"]
[White "Limbourg, Philipp"]
[Black "Christ, Heyko"]
[Result "1-0"]
[WhiteElo "2214"]
[BlackElo "1547"]
[Annotator "br"]
[PlyCount "34"]
[EventDate "2017.??.??"]
[EventType "team-swiss"]
[EventRounds "7"]
[EventCountry "GER"]
[SourceTitle "XVII. DBMM 2017"]
[Source "FV Schach e.V."]
[SourceDate "2018.05.26"]
[SourceVersion "1"]
[SourceVersionDate "2018.05.26"]
[SourceQuality "1"]
[WhiteTeam "RWE Essen"]
[BlackTeam "SV Rapid Unilever Hamburg"]
[WhiteTeamCountry "GER"]
[BlackTeamCountry "GER"]

1. e4 c5 2. Nc3 Nc6 3. Bb5 g6 4. Bxc6 bxc6 5. d3 Bg7 6. Nf3 d6 7. O-O e5 8. Be3
Qc7 9. Qd2 Qe7 10. Ne1 f5 11. f4 Rb8 12. fxe5 Bxe5 13. Nf3 Bf6 14. Rfe1 Qg7 15.
exf5 Ne7 16. Bh6 Qf7 17. Ng5 Bd4+ 1-0

[Event "XVII. DBMM Schach"]
[Site "Berlin"]
[Date "2017.11.02"]
[Round "1.3"]
[White "Amini, Mahmood"]
[Black "Broszeit, Peter"]
[Result "0-1"]
[WhiteElo "1699"]
[BlackElo "1950"]
[Annotator "br"]
[PlyCount "82"]
[EventDate "2017.??.??"]
[EventType "team-swiss"]
[EventRounds "7"]
[EventCountry "GER"]
[SourceTitle "XVII. DBMM 2017"]
[Source "FV Schach e.V."]
[SourceDate "2018.05.26"]
[SourceVersion "1"]
[SourceVersionDate "2018.05.26"]
[SourceQuality "1"]
[WhiteTeam "SV Rapid Unilever Hamburg"]
[BlackTeam "RWE Essen"]
[WhiteTeamCountry "GER"]
[BlackTeamCountry "GER"]

1. e4 c5 2. Nf3 Nc6 3. d4 cxd4 4. Nxd4 Nf6 5. Nc3 e5 6. Nb3 d6 7. f3 a6 8. Bg5
Be7 9. Qd2 Be6 10. Bxf6 Bxf6 11. Nd5 Bg5 12. Ne3 Qb6 13. Kf2 Nb4 14. Bd3 Rc8
15. Rhe1 O-O 16. Kf1 d5 17. Nxd5 Nxd5 18. Qxg5 f6 19. Qd2 Nf4 20. Qe3 Qc7 21.
Rad1 Rfd8 22. Nc1 b5 23. b3 Qc5 24. Qxc5 Rxc5 25. Ne2 Nxd3 26. cxd3 Rc2 27. Nc1
Rdc8 28. a4 bxa4 29. bxa4 a5 30. Ne2 Bd7 31. f4 Bxa4 32. Ra1 Bb5 33. Rxa5 Bxd3
34. Rd5 Bxe4 35. Rd7 Bc6 36. Ra7 Bb5 37. Ra5 R8c5 38. Ra8+ Kf7 39. Ra7+ Kg6 40.
f5+ Kxf5 41. Rxg7 Rxe2 0-1

[Event "XVII. DBMM Schach"]
[Site "Berlin"]
[Date "2017.11.02"]
[Round "1.1"]
[White "Jacob, Volker"]
[Black "Hufnagel, Markus"]
[Result "1-0"]
[WhiteElo "2233"]
[BlackElo "1693"]
[Annotator "br"]
[PlyCount "89"]
[EventDate "2017.??.??"]
[EventType "team-swiss"]
[EventRounds "7"]
[EventCountry "GER"]
[SourceTitle "XVII. DBMM 2017"]
[Source "FV Schach e.V."]
[SourceDate "2018.05.26"]
[SourceVersion "1"]
[SourceVersionDate "2018.05.26"]
[SourceQuality "1"]
[WhiteTeam "Wiley United Weinheim"]
[BlackTeam "Deutsche Bahn Oberhausen"]
[WhiteTeamCountry "GER"]
[BlackTeamCountry "GER"]

1. d4 Nf6 2. c4 e5 3. dxe5 Ng4 4. Bf4 Nc6 5. Nf3 Bb4+ 6. Nbd2 Qe7 7. e3 Ngxe5
8. Nxe5 Nxe5 9. a3 Bxd2+ 10. Qxd2 d6 11. Be2 Bf5 12. Rc1 Rd8 13. O-O O-O 14.
Bg3 Nd7 15. f3 Nc5 16. Rce1 h6 17. b4 Nd7 18. e4 Be6 19. Rc1 f6 20. Rfe1 Rfe8
21. Qc3 Bf7 22. Bf1 Bg6 23. c5 Nf8 24. cxd6 cxd6 25. Bb5 Rc8 26. Qd4 Rxc1 27.
Rxc1 Rd8 28. Qxa7 f5 29. exf5 Bxf5 30. Re1 Qc7 31. Qd4 Ne6 32. Bc4 Qf7 33. Qb6
Rd7 34. Bxd6 Qg6 35. Bc5 Kf7 36. Kh1 Rd2 37. g4 Rc2 38. Qxb7+ Kg8 39. Qc8+ Kh7
40. Bxe6 Bxe6 41. Qxe6 Rc3 42. Qxg6+ Kxg6 43. Re3 Rc1+ 44. Kg2 Kg5 45. Re6 1-0

[Event "XVII. DBMM Schach"]
[Site "Berlin"]
[Date "2017.11.02"]
[Round "1.2"]
[White "Grunwald, Guenther"]
[Black "Spiegel, Stefan"]
[Result "0-1"]
[WhiteElo "1611"]
[BlackElo "2144"]
[Annotator "br"]
[PlyCount "102"]
[EventDate "2017.??.??"]
[EventType "team-swiss"]
[EventRounds "7"]
[EventCountry "GER"]
[SourceTitle "XVII. DBMM 2017"]
[Source "FV Schach e.V."]
[SourceDate "2018.05.26"]
[SourceVersion "1"]
[SourceVersionDate "2018.05.26"]
[SourceQuality "1"]
[WhiteTeam "Deutsche Bahn Oberhausen"]
[BlackTeam "Wiley United Weinheim"]
[WhiteTeamCountry "GER"]
[BlackTeamCountry "GER"]

1. e4 Nf6 2. e5 Nd5 3. d4 Nb6 4. Nf3 d5 5. Be2 Bg4 6. O-O e6 7. Be3 Be7 8. Nbd2
O-O 9. c4 dxc4 10. Nxc4 Nd5 11. Qb3 b6 12. a4 Nc6 13. Qd1 h6 14. Qd2 Re8 15.
Rfc1 Ncb4 16. Na3 Nxe3 17. Qxe3 Nd5 18. Qd2 Bxf3 19. Bxf3 Bg5 20. Qc2 Bxc1 21.
Rxc1 Rc8 22. Nb5 a5 23. Bxd5 Qxd5 24. Qc3 Red8 25. h3 Rd7 26. Nd6 Rf8 27. Nb5
f6 28. Nxc7 Qxd4 29. Qxd4 Rxd4 30. Nxe6 Rxa4 31. Nxf8 Kxf8 32. exf6 gxf6 33.
Rc6 Rb4 34. Rxf6+ Kg7 35. Rd6 Rxb2 36. Rd7+ Kf6 37. Rd6+ Kf7 38. Rxh6 a4 39.
Rh7+ Kg8 40. Ra7 b5 41. Ra5 Rb3 42. f4 a3 43. Kf1 b4 44. Ke2 Rb2+ 45. Kd3 a2
46. g4 b3 47. Kc3 Rb1 48. h4 a1=Q+ 49. Rxa1 Rxa1 50. Kxb3 Rf1 51. f5 Rf4 0-1

[Event "XVII. DBMM Schach"]
[Site "Berlin"]
[Date "2017.11.02"]
[Round "1.3"]
[White "Calder, Dennis"]
[Black "Holdsch, Peter Michael"]
[Result "1-0"]
[WhiteElo "1930"]
[BlackElo "1628"]
[Annotator "br"]
[PlyCount "49"]
[EventDate "2017.??.??"]
[EventType "team-swiss"]
[EventRounds "7"]
[EventCountry "GER"]
[SourceTitle "XVII. DBMM 2017"]
[Source "FV Schach e.V."]
[SourceDate "2018.05.26"]
[SourceVersion "1"]
[SourceVersionDate "2018.05.26"]
[SourceQuality "1"]
[WhiteTeam "Wiley United Weinheim"]
[BlackTeam "Deutsche Bahn Oberhausen"]
[WhiteTeamCountry "GER"]
[BlackTeamCountry "GER"]

1. d4 d5 2. c4 c6 3. Nf3 Nf6 4. Nc3 e6 5. e3 Be7 6. Qc2 O-O 7. Bd3 h6 8. e4
dxe4 9. Nxe4 Nbd7 10. O-O Re8 11. Bf4 Nxe4 12. Bxe4 Nf6 13. Bd3 Bd6 14. Bxd6
Qxd6 15. c5 Qc7 16. Rfe1 Nd5 17. Ne5 Nb4 18. Qe2 Nxd3 19. Qxd3 Qe7 20. Re3 Qg5
21. Rg3 Qf5 22. Qd2 Qh5 23. Re1 Rf8 24. Qf4 f6 25. Qxf6 1-0

[Event "XVII. DBMM Schach"]
[Site "Berlin"]
[Date "2017.11.02"]
[Round "1.2"]
[White "Klotzsche, Thomas"]
[Black "Renzelmann, Jannis"]
[Result "1-0"]
[WhiteElo "1941"]
[BlackElo "1641"]
[Annotator "br"]
[PlyCount "80"]
[EventDate "2017.??.??"]
[EventType "team-swiss"]
[EventRounds "7"]
[EventCountry "GER"]
[SourceTitle "XVII. DBMM 2017"]
[Source "FV Schach e.V."]
[SourceDate "2018.05.26"]
[SourceVersion "1"]
[SourceVersionDate "2018.05.26"]
[SourceQuality "1"]
[WhiteTeam "Deutsche Bahn/BSW Berlin II"]
[BlackTeam "Vodafone II"]
[WhiteTeamCountry "GER"]
[BlackTeamCountry "GER"]

1. e4 e5 2. Nf3 Nc6 3. Bb5 d6 4. c3 Nf6 5. d3 Bd7 6. O-O Be7 7. Re1 O-O 8. Nbd2
a6 9. Ba4 b5 10. Bc2 Re8 11. Nf1 Bg4 12. h3 Bxf3 13. Qxf3 Qd7 14. g4 h6 15. Ng3
Nh7 16. Nf5 Bg5 17. h4 Bxc1 18. Raxc1 Ne7 19. d4 Nxf5 20. gxf5 Nf6 21. Rcd1 Qe7
22. Rd2 Nd7 23. Qg3 Qf6 24. f4 exf4 25. Qxf4 Re7 26. Re3 Kh8 27. Rg3 Rg8 28. a4
Ree8 29. Bb3 g5 30. hxg5 Rxg5 31. Rxg5 Qxg5+ 32. Qxg5 hxg5 33. axb5 axb5 34.
Bd5 Nf6 35. Bc6 Rb8 36. e5 dxe5 37. dxe5 Rb6 38. Bf3 Ng8 39. Rd7 Nh6 40. Be4 c5
1-0

[Event "XVII. DBMM Schach"]
[Site "Berlin"]
[Date "2017.11.02"]
[Round "1.3"]
[White "Baader, Matthieu"]
[Black "Strauss, Peter"]
[Result "0-1"]
[WhiteElo "1492"]
[BlackElo "1838"]
[Annotator "br"]
[PlyCount "34"]
[EventDate "2017.??.??"]
[EventType "team-swiss"]
[EventRounds "7"]
[EventCountry "GER"]
[SourceTitle "XVII. DBMM 2017"]
[Source "FV Schach e.V."]
[SourceDate "2018.05.26"]
[SourceVersion "1"]
[SourceVersionDate "2018.05.26"]
[SourceQuality "1"]
[WhiteTeam "Vodafone II"]
[BlackTeam "Deutsche Bahn/BSW Berlin II"]
[WhiteTeamCountry "GER"]
[BlackTeamCountry "GER"]

1. c4 Nf6 2. Nc3 c6 3. d4 d5 4. e3 e6 5. f4 Bb4 6. Bd2 O-O 7. Nf3 Nbd7 8. a3
Bxc3 9. Bxc3 Ne4 10. c5 b6 11. Qa4 Bb7 12. Qc2 bxc5 13. dxc5 Ndxc5 14. Bb4 Qb6
15. Rc1 Nd7 16. Qe2 c5 17. Ba5 Qxa5+ 0-1

[Event "XVII. DBMM Schach"]
[Site "Berlin"]
[Date "2017.11.02"]
[Round "1.1"]
[White "Bohnhoff, Peter"]
[Black "Raum, Norbert"]
[Result "1-0"]
[WhiteElo "2042"]
[BlackElo "1833"]
[Annotator "br"]
[PlyCount "59"]
[EventDate "2017.??.??"]
[EventType "team-swiss"]
[EventRounds "7"]
[EventCountry "GER"]
[SourceTitle "XVII. DBMM 2017"]
[Source "FV Schach e.V."]
[SourceDate "2018.05.26"]
[SourceVersion "1"]
[SourceVersionDate "2018.05.26"]
[SourceQuality "1"]
[WhiteTeam "Europäisches Patentamt Muenchen"]
[BlackTeam "Baubehoerde Hamburg II"]
[WhiteTeamCountry "GER"]
[BlackTeamCountry "GER"]

1. d4 Nf6 2. Nf3 b6 3. e3 e6 4. Bd3 Bb7 5. O-O d6 6. c4 Nbd7 7. Nc3 Be7 8. b3
O-O 9. Bb2 a6 10. Rc1 Ra7 11. e4 e5 12. d5 Nc5 13. Bc2 a5 14. a3 Na6 15. Ne1
Bc8 16. Nd3 Ng4 17. Qe2 f5 18. f3 Nh6 19. f4 fxe4 20. Nxe4 Bg4 21. Qd2 exf4 22.
Nxf4 Nc5 23. Qc3 Bf6 24. Nxf6+ gxf6 25. Qg3 c6 26. h3 Rg7 27. hxg4 Nxg4 28. Nh5
Rg5 29. Nxf6+ Rxf6 30. Bxf6 1-0

[Event "XVII. DBMM Schach"]
[Site "Berlin"]
[Date "2017.11.02"]
[Round "1.2"]
[White "Hoffeins, Hans Werner"]
[Black "Bumes, Konrad"]
[Result "1/2-1/2"]
[WhiteElo "1512"]
[BlackElo "1933"]
[Annotator "br"]
[PlyCount "80"]
[EventDate "2017.??.??"]
[EventType "team-swiss"]
[EventRounds "7"]
[EventCountry "GER"]
[SourceTitle "XVII. DBMM 2017"]
[Source "FV Schach e.V."]
[SourceDate "2018.05.26"]
[SourceVersion "1"]
[SourceVersionDate "2018.05.26"]
[SourceQuality "1"]
[WhiteTeam "Baubehoerde Hamburg II"]
[BlackTeam "Europäisches Patentamt Muenchen"]
[WhiteTeamCountry "GER"]
[BlackTeamCountry "GER"]

1. Nf3 d5 2. d3 c5 3. Nbd2 Nf6 4. e4 d4 5. c3 Nc6 6. Be2 e5 7. O-O Be7 8. Nc4
Qc7 9. a4 Be6 10. Qc2 h6 11. Bd2 O-O 12. h3 b6 13. Nh2 g5 14. h4 Nh7 15. g4 Kg7
16. h5 $11 a6 17. Na3 Rfb8 18. Rfb1 Qd7 19. c4 Nb4 20. Qd1 Nf6 21. f3 Ne8 22.
Nf1 Nd6 23. Ng3 b5 24. axb5 axb5 25. Bxb4 cxb4 26. Nxb5 Nxb5 27. cxb5 Qxb5 28.
Rxa8 Rxa8 29. Nf5+ Bxf5 30. exf5 $11 b3 31. Qc1 Qb7 32. Qd1 Ra2 33. Kf1 Qb4 34.
Qc1 Qa5 35. Bd1 Qb4 36. Qc4 Qxc4 37. dxc4 Ra4 38. Bxb3 Rb4 39. Ba2 Bc5 40. Ke2
Ra4 1/2-1/2